[Event "International Championship of Central Se"]
[Site "Paracin, hotel "]
[Date "2012.07.06"]
[Round "1.1"]
[White "Milosevic, Rade"]
[Black "Janzelj, Lara"]
[Result "1-0"]
[WhiteElo "2099"]
[BlackElo "1745"]
[PlyCount "113"]
[EventDate "2012.07.06"]

1. Nf3 Nf6 2. c4 d6 3. d4 Nbd7 4. Nc3 e5 5. Bg5 Be7 6. dxe5 dxe5 7. e3 b6 8.
Be2 Bb7 9. O-O O-O 10. Qc2 h6 11. Bxf6 Bxf6 12. Rfd1 Qc8 13. Nd5 Re8 14. Qf5 e4
15. Nd4 Bxd5 16. cxd5 Re5 17. Qg4 Rxd5 18. Qxe4 Re5 19. Qc6 Rc5 20. Qa4 Ra5 21.
Qc2 Rc5 22. Qb3 a5 23. Bf3 a4 24. Qb4 Raa5 25. Nc6 Rab5 26. Qxa4 Rxb2 27. Qg4
Rbc2 28. Rab1 Rxc6 29. Bxc6 Rxc6 30. Qxd7 Qxd7 31. Rxd7 Rc2 32. g3 Be5 33. a4
Bd6 34. Rd8+ Kh7 35. h4 Ra2 36. Ra8 Kg6 37. Rb5 Bc5 38. a5 c6 39. axb6 Rxa8 40.
Rxc5 Rb8 41. Rxc6+ Kf5 42. Rc7 Rxb6 43. Rxf7+ Kg6 44. Rf4 Kh5 45. Kg2 Rb2 46.
Kh3 g5 47. g4+ Kg6 48. h5+ Kg7 49. Rf5 Rb1 50. Kg3 Rg1+ 51. Kf3 Kg8 52. Ra5 Rh1
53. Ke4 Kg7 54. Ra7+ Kf6 55. Rh7 Rg1 56. Rxh6+ Kf7 57. Kf5 1-0

[Event "International Championship of Central Se"]
[Site "Paracin, hotel "]
[Date "2012.07.06"]
[Round "1.2"]
[White "Milojkovic, Miroslav"]
[Black "Tomic, Slobodan"]
[Result "1/2-1/2"]
[WhiteElo "1724"]
[BlackElo "2090"]
[PlyCount "64"]
[EventDate "2012.07.06"]

1. e4 e6 2. d4 d5 3. exd5 exd5 4. Nf3 Bd6 5. Bd3 Ne7 6. O-O Bf5 7. Re1 O-O 8.
Bxf5 Nxf5 9. Qd3 Qd7 10. Ne5 Bxe5 11. Rxe5 Ne7 12. Rh5 g6 13. Rh3 f6 14. c4
Nbc6 15. cxd5 Qxd5 16. Be3 Rad8 17. Nc3 Qf7 18. Rf3 f5 19. Qd2 Ne5 20. Rg3 Nc4
21. Qe2 Nb6 22. Bg5 Rd7 23. Re3 Ned5 24. Nxd5 Nxd5 25. Re5 Kg7 26. Re6 h6 27.
Bd2 Re7 28. Qe5+ Kh7 29. Rxe7 Nxe7 30. Qxc7 Nd5 31. Qc5 b6 32. Qd6 Re8 1/2-1/2

[Event "International Championship of Central Se"]
[Site "Paracin, hotel "]
[Date "2012.07.06"]
[Round "1.3"]
[White "Popovic, Milan S"]
[Black "Jovicic, Damir"]
[Result "1-0"]
[WhiteElo "2083"]
[BlackElo "1702"]
[PlyCount "81"]
[EventDate "2012.07.06"]

1. e4 e6 2. d3 d5 3. Qe2 Nf6 4. Nf3 c5 5. g3 Be7 6. Bg2 Nc6 7. O-O O-O 8. e5
Nd7 9. c4 Re8 10. Re1 f6 11. exf6 Nxf6 12. Nc3 h6 13. Ne5 Nd4 14. Qd1 a5 15.
Ne2 Ra6 16. Nxd4 cxd4 17. Bd2 dxc4 18. dxc4 Bd6 19. b3 Qc7 20. f4 a4 21. Qe2
Qc5 22. b4 Qc7 23. Qd3 Rd8 24. Rac1 b6 25. Nc6 Re8 26. Nxd4 Qe7 27. Nf5 exf5
28. Rxe7 Bxe7 29. Re1 Rd8 30. Qc2 Ra7 31. Bc3 Ng4 32. Bd5+ Kh7 33. Be6 g6 34.
Bxc8 Rxc8 35. Qe2 Re8 36. Kg2 Rd8 37. h3 Nf6 38. Qxe7+ Rxe7 39. Rxe7+ Kg8 40.
Bxf6 Rd2+ 41. Kf3 1-0

[Event "International Championship of Central Se"]
[Site "Paracin, hotel "]
[Date "2012.07.06"]
[Round "1.4"]
[White "Rakic, Nikola"]
[Black "Glisic, Tomislav"]
[Result "0-1"]
[WhiteElo "1689"]
[BlackElo "2075"]
[PlyCount "134"]
[EventDate "2012.07.06"]

1. e4 e5 2. Nf3 Nc6 3. d4 exd4 4. Bc4 Nf6 5. O-O Nxe4 6. Re1 d5 7. Bxd5 Qxd5 8.
Nc3 Qh5 9. Nxe4 Be6 10. Neg5 O-O-O 11. Nxe6 fxe6 12. Rxe6 Bd6 13. Re1 Rhf8 14.
h3 Rf6 15. Bg5 Rxf3 16. Qxf3 Qxg5 17. Re2 Rf8 18. Qg4+ Qxg4 19. hxg4 Kd7 20. a3
Rf4 21. f3 Rf7 22. Rae1 Bg3 23. Rd1 Re7 24. Rxe7+ Kxe7 25. b4 b5 26. Kf1 Ke6
27. Ke2 h6 28. Rh1 Bf4 29. Rb1 Kd5 30. Rb3 Kc4 31. Kf2 Ne5 32. Rb1 Kc3 33. Re1
Be3+ 34. Rxe3+ dxe3+ 35. Kxe3 Nc4+ 36. Ke4 Nxa3 37. Kf5 Nxc2 38. Kg6 Kxb4 39.
Kxg7 Ne3 40. Kxh6 Nxg2 41. g5 Nf4 42. g6 Nxg6 43. Kxg6 a5 44. f4 a4 45. f5 a3
46. f6 a2 47. f7 a1=Q 48. f8=Q+ c5 49. Qf4+ Qd4 50. Qg3 c4 51. Qe1+ c3 52. Qe7+
Kb3 53. Qe6+ Qc4 54. Qe1 c2 55. Qe3+ Kb2 56. Qe5+ Kb1 57. Qf5 Ka2 58. Qf2 b4
59. Kh5 b3 60. Kh6 b2 61. Qe1 c1=Q+ 62. Qxc1 bxc1=Q+ 63. Kg6 Q1f1 64. Kh5 Qf5+
65. Kh6 Qh4+ 66. Kg7 Qhg5+ 67. Kh8 Qh3# 0-1

[Event "International Championship of Central Se"]
[Site "Paracin, hotel "]
[Date "2012.07.06"]
[Round "1.5"]
[White "Pleshakov, Anton"]
[Black "Hrescak, Ivana"]
[Result "1-0"]
[WhiteElo "2074"]
[BlackElo "1686"]
[PlyCount "55"]
[EventDate "2012.07.06"]

1. e4 d5 2. exd5 Qxd5 3. d4 Nf6 4. Nc3 Qd6 5. h3 c6 6. Nf3 Bf5 7. Bd3 Bg6 8.
O-O e6 9. Ne2 Qc7 10. c4 Nbd7 11. Re1 Be7 12. Nc3 O-O 13. Bxg6 hxg6 14. d5 cxd5
15. cxd5 e5 16. Be3 a6 17. Rc1 Qd6 18. a3 Rac8 19. b4 Rfe8 20. Qb3 b6 21. Red1
Qb8 22. Na4 Qb7 23. Rxc8 Rxc8 24. d6 Bf8 25. Ng5 Nb8 26. d7 Nbxd7 27. Qxf7+ Kh8
28. Nxb6 1-0

[Event "International Championship of Central Se"]
[Site "Paracin, hotel "]
[Date "2012.07.06"]
[Round "1.6"]
[White "Nikic, Saso"]
[Black "Cvetic, Milan"]
[Result "0-1"]
[WhiteElo "1683"]
[BlackElo "2063"]
[PlyCount "72"]
[EventDate "2012.07.06"]

1. e4 e5 2. Nf3 Nc6 3. Bb5 f5 4. d3 Nf6 5. O-O fxe4 6. dxe4 d6 7. Nc3 Bg4 8. h3
Bh5 9. Qd3 Be7 10. Ng5 Qd7 11. Bc4 Nd8 12. f4 h6 13. fxe5 dxe5 14. Qxd7+ Nxd7
15. Ne6 Nxe6 16. Bxe6 Nf6 17. Be3 c6 18. a4 b6 19. Bc4 Bg6 20. Bd3 O-O 21. Rad1
Kh7 22. g4 Nd7 23. Kg2 Bc5 24. Bxc5 Nxc5 25. b4 Ne6 26. Ne2 c5 27. c3 cxb4 28.
cxb4 Rxf1 29. Kxf1 Rd8 30. Ke1 Ng5 31. Nc3 Nxh3 32. Ke2 h5 33. Kf3 Nf4 34. Be2
hxg4+ 35. Kxg4 Rxd1 36. Bxd1 Nd3 0-1

[Event "International Championship of Central Se"]
[Site "Paracin, hotel "]
[Date "2012.07.06"]
[Round "1.7"]
[White "Djuretanovic, Ivan"]
[Black "Injac, Teodora"]
[Result "1-0"]
[WhiteElo "2051"]
[BlackElo "1679"]
[PlyCount "73"]
[EventDate "2012.07.06"]

1. e4 d6 2. d4 Nf6 3. Nc3 g6 4. f4 Bg7 5. Be2 O-O 6. Bf3 c6 7. g4 e5 8. g5 Nfd7
9. dxe5 dxe5 10. f5 Re8 11. Be3 Nb6 12. f6 Qxd1+ 13. Rxd1 Bf8 14. h4 Nc4 15.
Bc1 Be6 16. h5 Bc5 17. hxg6 fxg6 18. Nh3 Na6 19. a3 Rad8 20. Ke2 Bd4 21. Nf2
Nxa3 22. Nd5 cxd5 23. exd5 Nxc2 24. dxe6 Rxe6 25. Ng4 e4 26. Bg2 Rf8 27. Bh3
Rb6 28. Rd2 Rc6 29. Rhd1 e3 30. Nh6+ Kh8 31. Rxd4 Nxd4+ 32. Rxd4 Rxc1 33. Nf7+
Kg8 34. Be6 Rc2+ 35. Kd3 Rxb2 36. Ne5+ Kh8 37. Nxg6+ 1-0

[Event "International Championship of Central Se"]
[Site "Paracin, hotel "]
[Date "2012.07.06"]
[Round "1.8"]
[White "Stefanovic, Rade"]
[Black "Majstorovic, Dusan"]
[Result "0-1"]
[WhiteElo "1671"]
[BlackElo "2050"]
[PlyCount "78"]
[EventDate "2012.07.06"]

1. Nf3 d5 2. d4 Nf6 3. Bf4 e6 4. e3 Bd6 5. Bxd6 Qxd6 6. Qc1 O-O 7. Bd3 c5 8. c3
Nc6 9. a3 e5 10. dxe5 Nxe5 11. Nxe5 Qxe5 12. O-O Ng4 13. g3 Qh5 14. h4 Ne5 15.
Qc2 Bh3 16. f4 Nxd3 17. Qxd3 Bxf1 18. Qxf1 Rfe8 19. Kf2 d4 20. exd4 cxd4 21.
Nd2 dxc3 22. bxc3 Qc5+ 23. Kg2 Qxc3 24. Nf3 Rac8 25. Ra2 Re3 26. Rf2 Qxa3 27.
h5 h6 28. Qb5 b6 29. g4 Qc5 30. Qd7 Qc6 31. Qf5 Qe6 32. Qxe6 Rxe6 33. f5 Re4
34. Kh3 Rf4 35. Kg3 Rcc4 36. Nh2 Rxf2 37. Kxf2 Rc2+ 38. Kg3 Rxh2 39. Kxh2 a5
0-1

[Event "International Championship of Central Se"]
[Site "Paracin, hotel "]
[Date "2012.07.06"]
[Round "1.9"]
[White "Ostojic, Nikola M"]
[Black "Miloradovic, Stanisav"]
[Result "1-0"]
[WhiteElo "2048"]
[BlackElo "1666"]
[PlyCount "35"]
[EventDate "2012.07.06"]

1. d4 d5 2. c4 e6 3. Nc3 Bb4 4. cxd5 exd5 5. Nf3 Bg4 6. Ne5 Bxc3+ 7. bxc3 Be6
8. e3 c6 9. Bd3 Qg5 10. O-O h5 11. e4 Qd8 12. exd5 Qxd5 13. Bc4 Qd6 14. Re1 Kd8
15. Qb3 Kc8 16. Ba3 Bxc4 17. Nxc4 Qd7 18. Nd6+ 1-0

[Event "International Championship of Central Se"]
[Site "Paracin, hotel "]
[Date "2012.07.06"]
[Round "1.10"]
[White "Miljkovic, Jovana"]
[Black "Lazic, Milan B"]
[Result "0-1"]
[WhiteElo "1661"]
[BlackElo "2042"]
[PlyCount "60"]
[EventDate "2012.07.06"]

1. c4 Nf6 2. Nc3 c5 3. g3 Nc6 4. Bg2 e6 5. Nf3 d5 6. cxd5 exd5 7. d4 cxd4 8.
Nxd4 Bc5 9. Nxc6 bxc6 10. O-O O-O 11. h3 Bf5 12. a3 a5 13. Na4 Bd6 14. Be3 Rb8
15. Qd2 Re8 16. Rfe1 Ne4 17. Qc1 Qc7 18. Bf4 Bxf4 19. Qxf4 Qxf4 20. gxf4 Re6
21. Rf1 Nd2 22. Rfe1 Nb3 23. Rad1 Rbe8 24. e3 Bc2 25. Bxd5 cxd5 26. Rxd5 Rg6+
27. Rg5 Ree6 28. Kh2 Nd2 29. Re2 Nf3+ 30. Kh1 Bxa4 0-1

[Event "International Championship of Central Se"]
[Site "Paracin, hotel "]
[Date "2012.07.06"]
[Round "1.11"]
[White "Antic, Nenad"]
[Black "Miskovic, Lazar"]
[Result "1-0"]
[WhiteElo "2031"]
[BlackElo "1629"]
[PlyCount "37"]
[EventDate "2012.07.06"]

1. d4 g6 2. c4 Bg7 3. Nc3 Nf6 4. e4 d6 5. Nf3 O-O 6. Be2 c5 7. d5 Bd7 8. O-O
Na6 9. Re1 Rb8 10. h3 Qc7 11. Bf4 Nh5 12. Bh2 f5 13. exf5 gxf5 14. Nh4 Nf6 15.
Bd3 Nb4 16. Bxf5 Bxf5 17. Nxf5 Qd7 18. Nxe7+ Kh8 19. Re6 1-0

[Event "International Championship of Central Se"]
[Site "Paracin, hotel "]
[Date "2012.07.06"]
[Round "1.12"]
[White "Vasilev, Martin"]
[Black "Arandjelovic, Aleksandar Z"]
[Result "1/2-1/2"]
[WhiteElo "1596"]
[BlackElo "2030"]
[PlyCount "61"]
[EventDate "2012.07.06"]

1. e4 c5 2. Nf3 d6 3. Bb5+ Nc6 4. O-O Bd7 5. Re1 e5 6. Nc3 Nf6 7. a3 Be7 8. d3
h6 9. Bc4 Nd4 10. Nxd4 cxd4 11. Nd5 b5 12. Nxf6+ Bxf6 13. Bd5 Rc8 14. Bd2 Bc6
15. Bb3 Bg5 16. f4 Bxf4 17. Bxf4 exf4 18. e5 O-O 19. e6 Qg5 20. Qd2 Rc7 21.
exf7+ Kh8 22. Rf1 Bd5 23. Bxd5 Qxd5 24. Rxf4 Rcxf7 25. Rxf7 Qxf7 26. Re1 a5 27.
Qe2 Qc7 28. Rf1 Rxf1+ 29. Qxf1 Qxc2 30. Qf8+ Kh7 31. Qf5+ 1/2-1/2

[Event "International Championship of Central Se"]
[Site "Paracin, hotel "]
[Date "2012.07.06"]
[Round "1.13"]
[White "Radovic, Janko"]
[Black "Blagojevic, Nikola"]
[Result "1-0"]
[WhiteElo "2024"]
[BlackElo "1586"]
[PlyCount "53"]
[EventDate "2012.07.06"]

1. e4 e6 2. d4 d5 3. e5 c5 4. Qg4 h5 5. Qg3 Ne7 6. dxc5 Qa5+ 7. Bd2 Qxc5 8. Bd3
Nf5 9. Qf4 g6 10. Nf3 Nc6 11. c3 Bh6 12. Qa4 Bd7 13. Qd1 Bg7 14. Qe2 Qb6 15.
Bf4 d4 16. O-O dxc3 17. bxc3 O-O 18. Nbd2 Qc7 19. Rab1 Nce7 20. c4 Rfd8 21. Ne4
Bc6 22. Bg5 Bxe5 23. Nxe5 Nd4 24. Qe3 Nef5 25. Qf4 Bxe4 26. Qxe4 Rd6 27. Rxb7
1-0

[Event "International Championship of Central Se"]
[Site "Paracin, hotel "]
[Date "2012.07.06"]
[Round "1.14"]
[White "Zarkovic, Milos"]
[Black "Blazic, Ivica"]
[Result "1/2-1/2"]
[WhiteElo "1575"]
[BlackElo "2020"]
[PlyCount "52"]
[EventDate "2012.07.06"]

1. d4 Nf6 2. c4 g6 3. Nc3 d5 4. Nf3 Bg7 5. Bf4 O-O 6. e3 c6 7. Bd3 Nh5 8. Bg5
b6 9. cxd5 cxd5 10. O-O Ba6 11. Bxa6 Nxa6 12. Qb3 Nc7 13. Rac1 h6 14. Bh4 g5
15. Bg3 Nxg3 16. hxg3 Qd6 17. Rc2 e6 18. Rfc1 Rfd8 19. Nb5 Nxb5 20. Qxb5 Qd7
21. Qa6 Qe7 22. Rc7 Qb4 23. b3 g4 24. Ne1 Qd2 25. R7c2 Qb4 26. Nd3 Qa5 1/2-1/2

[Event "International Championship of Central Se"]
[Site "Paracin, hotel "]
[Date "2012.07.06"]
[Round "1.15"]
[White "Stojkovic, Zoran"]
[Black "Vukajlovic, Jovan"]
[Result "1-0"]
[WhiteElo "2019"]
[BlackElo "1574"]
[PlyCount "123"]
[EventDate "2012.07.06"]

1. e4 c5 2. Nf3 Nc6 3. d4 cxd4 4. Nxd4 g6 5. Nxc6 bxc6 6. Qd4 Nf6 7. e5 Ng8 8.
Be3 Bg7 9. Qe4 Qa5+ 10. c3 Qxe5 11. Qf3 Nf6 12. Be2 d5 13. Bd4 Qg5 14. O-O O-O
15. Bc5 Re8 16. Na3 Qd2 17. Rfd1 Qg5 18. Be3 Qg4 19. Rd4 Qxf3 20. Bxf3 Rb8 21.
Rd2 a6 22. Re1 Bg4 23. Bxg4 Nxg4 24. Bc5 e6 25. h3 Nf6 26. f3 Nd7 27. Be3 Nb6
28. Bxb6 Rxb6 29. Rc2 Reb8 30. b3 Bf8 31. Nb1 c5 32. Nd2 Bh6 33. Nf1 Bg7 34.
Nd2 a5 35. c4 d4 36. Kf1 Bh6 37. Ne4 Bg7 38. Nxc5 Rc6 39. Na4 Kf8 40. Ke2 Rd8
41. Kd3 e5 42. a3 f6 43. b4 axb4 44. axb4 Ra6 45. Ra1 Kf7 46. Rca2 Rda8 47. c5
Bf8 48. Kc4 Ke6 49. b5 Ra5 50. Nc3 Rxa2 51. Rxa2 Rc8 52. Ra6+ Kf7 53. Ne4 f5
54. Ng5+ Kg8 55. Rc6 Rd8 56. Kd3 Ra8 57. Ne6 Ra3+ 58. Kc4 Ra4+ 59. Kb3 Ra1 60.
Rc8 Rb1+ 61. Kc2 Rxb5 62. Rxf8# 1-0

[Event "International Championship of Central Se"]
[Site "Paracin, hotel "]
[Date "2012.07.06"]
[Round "1.16"]
[White "Lazic, Radomir"]
[Black "Milic, Ivica"]
[Result "1-0"]
[WhiteElo "1561"]
[BlackElo "2008"]
[PlyCount "91"]
[EventDate "2012.07.06"]

1. e4 c6 2. Nf3 d5 3. exd5 cxd5 4. d4 Nf6 5. Nc3 Bf5 6. Bd3 Bxd3 7. Qxd3 e6 8.
Bg5 Be7 9. Ne5 a6 10. O-O O-O 11. f4 Qb6 12. Rab1 Rc8 13. Rf3 Nc6 14. Ne2 Nb4
15. Qb3 Rxc2 16. Re3 Rxe2 17. Rxe2 Qxd4+ 18. Kh1 a5 19. a3 a4 20. Qc3 Qxc3 21.
bxc3 Na6 22. Rxb7 Kf8 23. Bxf6 gxf6 24. Nd7+ Ke8 25. Nb6 Rb8 26. Rxb8+ Nxb8 27.
f5 Nd7 28. Nxa4 Nc5 29. Nxc5 Bxc5 30. fxe6 Bxa3 31. exf7+ Kxf7 32. g3 Bd6 33.
Kg2 Be5 34. Rc2 Ke6 35. Kf3 Kf5 36. h4 h5 37. c4 d4 38. c5 Bc7 39. Rd2 Ke5 40.
g4 hxg4+ 41. Kxg4 Ke4 42. Rf2 Be5 43. h5 Ke3 44. Rf3+ Ke2 45. h6 d3 46. Rxd3
1-0

[Event "International Championship of Central Se"]
[Site "Paracin, hotel "]
[Date "2012.07.06"]
[Round "1.17"]
[White "Tosic, Dragoljub"]
[Black "Nickovic, Teodora"]
[Result "1-0"]
[WhiteElo "1998"]
[BlackElo "1556"]
[Annotator "Milojevic,Boban"]
[PlyCount "67"]
[EventDate "2012.07.06"]

1. d4 Nf6 2. Nf3 e6 3. g3 b6 4. Bg2 Bb7 5. O-O c5 6. c4 d5 7. Ne5 Nc6 8. Qa4
Qc7 9. e3 Bd6 10. f4 O-O 11. cxd5 Nxd5 12. Nc3 Nxc3 13. bxc3 Bxe5 14. fxe5 Ne7
15. e4 h6 16. Be3 cxd4 17. cxd4 Qc6 18. Qa3 Qd7 19. Rac1 Rfc8 20. Qd6 Qxd6 21.
exd6 Ng6 22. Rc7 Rxc7 23. dxc7 Rc8 24. Rc1 Kf8 25. Rc3 Ke7 26. Ra3 a6 27. e5
Rxc7 28. Bxb7 Rxb7 29. Rxa6 b5 30. Bd2 b4 31. Ra4 b3 32. Bb4+ Kd7 33. axb3 Kc6
34. Bc5 {unclear} 1-0

[Event "International Championship of Central Se"]
[Site "Paracin, hotel "]
[Date "2012.07.06"]
[Round "1.18"]
[White "Stanimirovic, Ivana"]
[Black "Matsenko, Elena"]
[Result "0-1"]
[WhiteElo "1533"]
[BlackElo "1996"]
[PlyCount "74"]
[EventDate "2012.07.06"]

1. e4 c5 2. Nf3 Nc6 3. d4 cxd4 4. Nxd4 Qc7 5. Nc3 e6 6. Nxc6 bxc6 7. b3 d5 8.
Bb2 Nf6 9. Bd3 Be7 10. Qe2 Bb7 11. e5 Nd7 12. Nd1 c5 13. f4 a5 14. a4 O-O 15.
Qh5 g6 16. Qg4 c4 17. Be2 cxb3 18. cxb3 Bb4+ 19. Kf1 Ba6 20. Rc1 Bxe2+ 21. Qxe2
Qb6 22. Qf2 Bc5 23. Qf3 Rab8 24. Rc3 Bd4 25. Rc2 Bxb2 26. Rxb2 Nc5 27. Nc3 Nxb3
28. Ne2 Rfc8 29. g3 Qb4 30. Kg2 Qc4 31. Qe3 d4 32. Qe4 Nc5 33. Qb1 Qd5+ 34. Kg1
Rxb2 35. Qxb2 d3 36. Nc3 Qd4+ 37. Kg2 Nxa4 0-1

[Event "International Championship of Central Se"]
[Site "Paracin, hotel "]
[Date "2012.07.06"]
[Round "1.20"]
[White "Milenkovic, Jelena"]
[Black "Zivkovic, Zivojin"]
[Result "0-1"]
[WhiteElo "1510"]
[BlackElo "1991"]
[PlyCount "76"]
[EventDate "2012.07.06"]

1. d4 Nf6 2. c4 g6 3. Nf3 d6 4. Nc3 Bg7 5. e4 O-O 6. Be2 Nbd7 7. O-O e5 8. d5
a5 9. Qc2 Nh5 10. Be3 Nf4 11. Rac1 Nc5 12. Bxc5 dxc5 13. Rb1 f5 14. a3 Nxe2+
15. Qxe2 fxe4 16. Nxe4 Bg4 17. Nxc5 Qe7 18. Qe3 Bxf3 19. gxf3 Qh4 20. Ne6 Rf5
21. Qe4 Qe7 22. Rfd1 Bh6 23. b4 axb4 24. axb4 Bf4 25. d6 Qxe6 26. dxc7 Rc8 27.
Qxb7 Rff8 28. Kg2 Qxc4 29. Qxc8 Rxc8 30. Rd8+ Kg7 31. Rxc8 e4 32. Re1 Bxc7 33.
Rxe4 Qf7 34. Rce8 Bd6 35. b5 Qb3 36. b6 Qxb6 37. R4e6 Qb5 38. Rd8 Qg5+ 0-1

[Event "International Championship of Central Se"]
[Site "Paracin, hotel "]
[Date "2012.07.06"]
[Round "1.21"]
[White "Nikolic, Vladimir"]
[Black "Pridigar, Lovro"]
[Result "1-0"]
[WhiteElo "1987"]
[BlackElo "1504"]
[PlyCount "73"]
[EventDate "2012.07.06"]

1. Nf3 Nf6 2. d4 Nc6 3. c4 d5 4. Nc3 Bf5 5. Ne5 e6 6. Nxc6 bxc6 7. Qa4 Qd7 8.
g3 Ne4 9. Bg2 Nd6 10. b3 Be7 11. O-O O-O 12. Rd1 Rfd8 13. Ba3 Ne4 14. Nxe4 Bxe4
15. Bxe4 dxe4 16. Bxe7 Qxe7 17. Qxc6 Qd6 18. Qxe4 Rab8 19. Qe5 Qb6 20. Qc5 Qb7
21. d5 exd5 22. Rxd5 Rxd5 23. cxd5 Rd8 24. e4 Rc8 25. Rc1 h6 26. Qe7 Qa6 27.
Rxc7 Rxc7 28. Qd8+ Kh7 29. Qxc7 Qxa2 30. Qxf7 Qb1+ 31. Kg2 Qxe4+ 32. Qf3 Qe5
33. Qd3+ Kh8 34. d6 Qe8 35. d7 Qa8+ 36. f3 Qd8 37. Qd5 1-0

[Event "International Championship of Central Se"]
[Site "Paracin, hotel "]
[Date "2012.07.06"]
[Round "1.22"]
[White "Gombac, Matevz"]
[Black "Radovic, Luka"]
[Result "0-1"]
[WhiteElo "1502"]
[BlackElo "1982"]
[PlyCount "60"]
[EventDate "2012.07.06"]

1. d4 Nf6 2. c4 c5 3. d5 b5 4. cxb5 a6 5. bxa6 Bxa6 6. Nc3 g6 7. Bg5 Bg7 8. Nf3
d6 9. g3 O-O 10. Bg2 Nbd7 11. O-O Qa5 12. Qc2 Rfb8 13. Rfb1 Nb6 14. Bd2 Nc4 15.
Bf1 Nd7 16. Bh3 Ra7 17. Bf1 Rab7 18. Bc1 Na3 19. bxa3 Qxc3 20. Qxc3 Bxc3 21.
Rxb7 Rxb7 22. Bb2 Rxb2 23. Rc1 Bf6 24. e3 Bxf1 25. Rxf1 Rxa2 26. Rb1 Ra1 27.
Rxa1 Bxa1 28. a4 Bc3 29. Kg2 Nb6 30. a5 Bxa5 0-1

[Event "International Championship of Central Se"]
[Site "Paracin, hotel "]
[Date "2012.07.06"]
[Round "1.23"]
[White "Stefanov, Evtim"]
[Black "Krejic, Nik"]
[Result "1-0"]
[WhiteElo "1969"]
[BlackElo "1488"]
[PlyCount "65"]
[EventDate "2012.07.06"]

1. e4 d5 2. exd5 Qxd5 3. d4 Nf6 4. Nf3 Bg4 5. Be2 c6 6. c4 Qd6 7. Nc3 Nbd7 8.
O-O e6 9. Re1 Qc7 10. d5 Bc5 11. dxe6 Bxe6 12. Ng5 O-O 13. a3 Rfe8 14. h3 Rad8
15. b4 Bf8 16. Qb3 g6 17. Nxe6 Rxe6 18. Bg5 Bg7 19. c5 Rde8 20. Bh4 Ne5 21. Bg3
Qe7 22. f4 Ned7 23. Bc4 Re3 24. Bf2 Rxe1+ 25. Rxe1 Qf8 26. Rd1 Rd8 27. g4 Ne8
28. Ne4 Nef6 29. Nd6 Rb8 30. Nxf7 Ne8 31. Rxd7 Nf6 32. Nd8+ Kh8 33. Ne6 1-0

[Event "International Championship of Central Se"]
[Site "Paracin, hotel "]
[Date "2012.07.06"]
[Round "1.24"]
[White "Nestorovic, Katarina"]
[Black "Dragojevic, Dragan"]
[Result "0-1"]
[WhiteElo "1403"]
[BlackElo "1968"]
[PlyCount "66"]
[EventDate "2012.07.06"]

1. e4 e5 2. Nc3 Nf6 3. Bc4 Bc5 4. Nf3 Nc6 5. d3 O-O 6. Bg5 h6 7. Bxf6 Qxf6 8.
Nd5 Qd8 9. c3 d6 10. b4 Bb6 11. a4 a6 12. Nxb6 cxb6 13. h3 Ne7 14. O-O Ng6 15.
d4 Qe7 16. Qe2 Qc7 17. dxe5 dxe5 18. Qa2 Bd7 19. Qb3 Nf4 20. Rfd1 Rae8 21. b5
Be6 22. Bxe6 Rxe6 23. c4 Rc8 24. Nd2 Rg6 25. g4 h5 26. Qf3 hxg4 27. hxg4 Qe7
28. Ra3 Qh4 29. Kf1 Rxg4 30. Rc1 Qg5 31. Qh1 Rh4 32. Qg1 Qh5 33. Rg3 Qe2# 0-1

[Event "International Championship of Central Se"]
[Site "Paracin, hotel "]
[Date "2012.07.06"]
[Round "1.25"]
[White "Djordjevic, Danilo"]
[Black "Vaskovic, Andjela"]
[Result "1-0"]
[WhiteElo "1967"]
[BlackElo "1320"]
[PlyCount "25"]
[EventDate "2012.07.06"]

1. e4 Nf6 2. e5 Nd5 3. Bc4 Nb6 4. Bb3 d6 5. Nf3 Bg4 6. Bxf7+ Kxf7 7. Ng5+ Ke8
8. Qxg4 N8d7 9. e6 Ne5 10. Qh3 h6 11. d4 Nc6 12. Qh5+ g6 13. Qxg6# 1-0